[Event "Copenhagen op"]
[Site "Copenhagen"]
[Date "1991.??.??"]
[Round "5"]
[White "Tischbierek, Raj"]
[Black "Bogdanovich, Grigory"]
[Result "1-0"]
[WhiteElo "2500"]
[BlackElo "2355"]

1.e4 c5 2.Nc3 Nc6 3.Nge2 e5 4.Nd5 Nge7 5.Nec3 Nxd5 6.Nxd5 d6 7.Bc4 Be7 8.O-O O-O
9.d3 Kh8 10.f4 f5 11.Qh5 fxe4 12.dxe4 Be6 13.f5 Bxd5 14.Bxd5 Qe8 15.Qe2 Nd4
16.Qd1 Qb5 17.Rf2 Bh4 18.g3 Bd8 19.c3 Nc6 20.g4 c4 21.Rf3 Ne7 22.Be6 Bb6+
23.Kh1 Qc6 24.Bg5 Rae8 25.Qe1 Ng8 26.Bd5 Qc8 27.Rh3 Nf6 28.Bxf6 gxf6 29.Rxh7+  1-0

[Event "CZE-ch"]
[Site "CSR"]
[Date "1991.??.??"]
[Round "2"]
[White "Pribyl, Josef"]
[Black "Gregor, Jiri"]
[Result "1-0"]
[WhiteElo "2390"]
[BlackElo "2205"]

1.e4 c5 2.Nf3 Nc6 3.Nc3 e6 4.g3 a6 5.Bg2 Nf6 6.O-O Qc7 7.Re1 d6 8.d4 cxd4
9.Nxd4 Nxd4 10.Qxd4 e5 11.Qd3 Be7 12.Bg5 Be6 13.Rad1 Rd8 14.Bxf6 Bxf6 15.Nd5 Bxd5
16.Qxd5 Qxc2 17.Qxb7 O-O 18.Rc1 Qa4 19.Bf1 a5 20.Bc4 Bg5 21.Bb3 Qe8 22.Rc7 a4
23.Bd5 Rb8 24.Qa6 Rxb2 25.Qxd6 Qb8 26.Qd7 Qb6 27.Rf1 Rd2 28.h4 Bd8 29.Rb7 Qh6
30.Rb8  1-0

[Event "CZE-ch"]
[Site "CSR"]
[Date "1991.??.??"]
[Round "6"]
[White "Pribyl, Josef"]
[Black "Jirovsky, Pavel"]
[Result "1-0"]
[WhiteElo "2390"]
[BlackElo "2335"]

1.e4 c5 2.Nc3 Nc6 3.Nf3 g6 4.Bb5 Bg7 5.O-O d6 6.Bxc6+ bxc6 7.d3 e5 8.Bg5 Ne7
9.Qc1 h6 10.Be3 f5 11.exf5 Nxf5 12.Ne4 Nxe3 13.fxe3 O-O 14.Qe1 Qe7 15.Qa5 Rb8
16.Qa3 Bf5 17.Nfd2 h5 18.Rf3 Bh6 19.Raf1 Kg7 20.h3 Be6 21.b3 Rxf3 22.Rxf3 Rf8
23.Rxf8 Kxf8 24.Nf1 Bf5 25.Qa4 Qd7 26.Ned2 Kg7 27.Qh4 Qf7 28.Qd8 d5 29.Qd6 Qd7
30.Qxc5 Kh7 31.Nf3 Qc7 32.b4 Bg7 33.e4 dxe4 34.dxe4 Bc8 35.Ne3 Kh8 36.Nc4 Qd8
37.Ncxe5 Qf6 38.Qxc6  1-0

[Event "Dortmund op"]
[Site "Dortmund"]
[Date "1991.??.??"]
[Round "7"]
[White "Gdanski, Jacek"]
[Black "Meier, Volker"]
[Result "1-0"]
[WhiteElo "2420"]
[BlackElo "2260"]

1.e4 c5 2.Nc3 Nc6 3.Nf3 e5 4.Bc4 d6 5.d3 Be6 6.O-O Nf6 7.Nd5 Be7 8.c3 O-O
9.Re1 Bxd5 10.Bxd5 Nxd5 11.exd5 Nb8 12.d4 exd4 13.cxd4 Na6 14.Bf4 Qd7 15.dxc5 Nxc5
16.b4 Na4 17.Rc1 Rfe8 18.h3 h6 19.Qd3 Bf6 20.Nh2 Nb6 21.Qg3 h5 22.Red1 Be5
23.Nf3 Bxf4 24.Qxf4 Rac8 25.Rxc8 Rxc8 26.a3 Re8 27.Qg5 Qa4 28.Rd4 Qxa3 29.Qxh5 Nd7
30.Rh4 Qa1+ 31.Kh2 g6 32.Qh7+ Kf8 33.Nd4 Qe1 34.Rf4 Ne5 35.Ne6+ Ke7 36.Ng5 Kd7
37.g3 Re7 38.Nxf7 Nd3 39.Qg8 Re8 40.Qxg6 Nxf4 41.Qxd6+ Kc8 42.Qxf4 Re2 43.Kg2 Qd1
44.Qf5+ Kb8 45.Nd6 Qc2 46.Qf7  1-0

[Event "Dortmund-C"]
[Site "Dortmund"]
[Date "1991.??.??"]
[Round "7"]
[White "Thesing, Matthias"]
[Black "Janovsky, Sergey"]
[Result "1-0"]
[WhiteElo "2405"]
[BlackElo "2430"]

1.e4 c5 2.Nc3 Nc6 3.Bb5 g6 4.Bxc6 dxc6 5.d3 Bg7 6.Nge2 Nf6 7.h3 b6 8.Be3 Ba6
9.b3 O-O 10.Qd2 Re8 11.Bh6 Bh8 12.Qe3 Qd7 13.f4 e6 14.O-O-O Qc7 15.Kb1 Nd7
16.h4 b5 17.h5 b4 18.Na4 Rad8 19.hxg6 hxg6 20.Bg5 Bg7 21.Bxd8 Rxd8 22.e5 Qa5
23.Ng3 Nb6 24.Qxc5 Bb5 25.Ne4 Nd5 26.Rh2 Qc7 27.g3 Bxa4 28.bxa4 Qb7 29.Kc1 Qa6
30.a5 Qb7 31.Rdh1 Qc7 32.Rh7 Qd7 33.Qf2 Kf8 34.Qh2 f6 35.Rh8+ Kf7 36.Nd6+ Qxd6
37.exd6 Rxh8 38.Qg1 Ra8 39.Qc5 f5 40.Qxc6 Rd8 41.Qb7+  1-0

[Event "Elgoibar"]
[Site "Elgoibar"]
[Date "1991.??.??"]
[Round "5"]
[White "Iruzubieta, Jesus Maria"]
[Black "Garcia Palermo, Carlos"]
[Result "1/2-1/2"]
[WhiteElo "2310"]
[BlackElo "2455"]

1.e4 c5 2.Nf3 Nc6 3.Nc3 e5 4.Bc4 Be7 5.d3 Nf6 6.O-O d6 7.Nd5 Nxd5 8.Bxd5 Be6
9.Bxe6 fxe6 10.Ng5 Bxg5 11.Qh5+ g6 12.Qxg5 Qxg5 13.Bxg5 Nb4 14.Rfc1 h6 15.Be3 a5
16.f4 exf4 17.Bxf4 e5 18.Be3 Ke7 19.Kf2 a4 20.Ke2 Raf8  1/2-1/2

[Event "Espoo op"]
[Site "Espoo"]
[Date "1991.??.??"]
[Round "8"]
[White "Kostyra, Stanislaw"]
[Black "Ebeling, Mika"]
[Result "1/2-1/2"]
[WhiteElo "2315"]
[BlackElo "2275"]

1.e4 c5 2.Nf3 Nc6 3.Nc3 e5 4.Bc4 Be7 5.d3 Nf6 6.Ng5 O-O 7.f4 exf4 8.Bxf4 d6
9.Qd2 Nd4 10.O-O Ne6 11.Rae1 Nxg5 12.Bxg5 Ng4 13.Bxe7 Qxe7 14.Qf4 Ne5 15.Nd5 Qd8
16.Qg3 Be6 17.Nf6+ Kh8 18.Nh5 Ng6 19.Rf4 Qd7 20.Ref1 b5 21.Bxe6 fxe6 22.Rxf8+ Rxf8
23.Rxf8+ Nxf8 24.e5 Qf7 25.Qf2 Qxf2+ 26.Kxf2 dxe5 27.Ng3 Nd7 28.Ne4 h6 29.Ke3 Kg8
30.Nd6 a6 31.Ne8 Kf7 32.Nc7 Nb8 33.Ke4 Kf6 34.a4 bxa4 35.Ne8+ Kf7 36.Nd6+ Kf6
37.Ne8+ Kf7 38.Nd6+ Kf6 39.Ne8+  1/2-1/2

[Event "EST-FIN m"]
[Site "EST"]
[Date "1991.??.??"]
[Round "2"]
[White "Raud, Rainer"]
[Black "Pyhala, Antti"]
[Result "1/2-1/2"]
[WhiteElo "2385"]
[BlackElo "2380"]

1.e4 c5 2.Nf3 Nc6 3.Nc3 a6 4.g3 e5 5.Bg2 d6 6.Nd5 Nf6 7.Nxf6+ Qxf6 8.c3 h6
9.O-O g5 10.d3 Bg4 11.Be3 Bg7 12.a3 Qe7 13.b4 Nd8 14.Rb1 Ne6 15.bxc5 dxc5
16.Rb6 Rd8 17.Qb3 Qf6 18.Qa4+ Kf8 19.Nd2 Be2 20.Re1 Bxd3 21.Rxb7 h5 22.Bf1 Bxf1
23.Nxf1 h4 24.Rd1 Kg8 25.Rxd8+ Qxd8 26.Qd7 Qf6 27.Nd2 Bf8 28.Nc4 Rh7 29.Qd1 hxg3
30.fxg3 Nf4 31.Rb6 Qg7 32.Qg4 Nh3+ 33.Kg2 Nf4+ 34.gxf4 gxf4 35.Qxg7+ Rxg7+
36.Kf3 fxe3 37.Nxe3 Rh7 38.Kg3 a5 39.Nf5 c4 40.a4 f6 41.Rc6 Rd7 42.Rxc4 Ba3
43.h4 Rd1 44.h5 Rh1 45.Rc8+ Kf7 46.Rc7+ Kg8 47.h6 Bf8 48.Kg2 Rh5 49.Ra7 Bxh6
50.Rxa5 Bf4 51.Ne7+ Kf7 52.Nd5 Rh2+ 53.Kf3 Bg5 54.Ra7+ Ke6 55.a5 Kd6  1/2-1/2

[Event "Gausdal Int"]
[Site "Gausdal"]
[Date "1991.??.??"]
[Round "5"]
[White "Panchenko, Alexander N"]
[Black "Shantharam, KV."]
[Result "0-1"]
[WhiteElo "2445"]
[BlackElo "2310"]

1.e4 c5 2.Nf3 Nc6 3.Nc3 a6 4.d4 cxd4 5.Nxd4 d6 6.Be2 Nf6 7.O-O e6 8.Kh1 Be7
9.f4 O-O 10.a4 Qc7 11.Be3 Bd7 12.Nb3 b6 13.Bf3 Rab8 14.Qe2 Bc8 15.g4 Nd7
16.Bg2 Na5 17.g5 Re8 18.Nd4 Bb7 19.Rad1 Bf8 20.Qh5 g6 21.Qh4 Nc6 22.Nde2 Nb4
23.Rd2 Nc5 24.Qf2 Bc6 25.b3 Qb7 26.Ng3 b5 27.a5 Qc7 28.Rfd1 Rbc8 29.Rd4 Qxa5
30.Nb1 e5 31.fxe5 dxe5 32.R4d2 Nxc2 33.Rxc2 Nxb3 34.Bh3 Rcd8 35.Rxd8 Rxd8
36.Rxc6 Rd1+ 37.Kg2 Rxb1 38.Rc8 Qb4 39.Rc7 Be7  0-1

[Event "Peer Gynt"]
[Site "Gausdal"]
[Date "1991.??.??"]
[Round "6"]
[White "Yakovich, Yuri"]
[Black "Conquest, Stuart"]
[Result "1-0"]
[WhiteElo "2560"]
[BlackElo "2465"]

1.e4 c5 2.Nc3 Nc6 3.Nf3 e5 4.Bc4 d6 5.d3 Be7 6.O-O Bg4 7.h3 Bh5 8.Nd5 Nf6
9.c3 a6 10.a3 Nxd5 11.Bxd5 Qc8 12.b4 cxb4 13.axb4 Nd8 14.Bd2 O-O 15.d4 Bf6
16.g4 Bg6 17.dxe5 dxe5 18.g5 Be7 19.Nxe5 Qxh3 20.Qf3 Qxf3 21.Nxf3 Nc6 22.Nh4 Rfd8
23.Be3 Bh5 24.Nf5 Bf8 25.f3 Ne5 26.Ng3 Bg6 27.Bxb7 Rd3 28.Bxa8 Rxe3 29.Kg2 Rxc3
30.f4 Ng4 31.Rfc1 Ne3+ 32.Kh3 Rd3 33.f5 Bxf5+ 34.exf5 Nxf5 35.Rg1 Bd6 36.Rad1 Rb3
37.Rxd6 Nxd6 38.Rd1 Ne8 39.Rd8 Kf8 40.Bc6 Ke7 41.Rxe8+ Kd6 42.Bg2  1-0

[Event "Troll Masters"]
[Site "Gausdal"]
[Date "1991.??.??"]
[Round "7"]
[White "Martin, Andrew D"]
[Black "Watson, William N"]
[Result "1/2-1/2"]
[WhiteElo "2430"]
[BlackElo "2505"]

1.e4 c5 2.Nc3 Nc6 3.Nge2 g6 4.d4 cxd4 5.Nxd4 Bg7 6.Nb3 Nf6 7.Be2 O-O 8.O-O d6
9.Re1 a5 10.a4 Nb4 11.Bf1 b6 12.Nb5 Bb7 13.c3 Na6 14.f3 Nc5 15.Nxc5 bxc5
16.Bg5 Qb6 17.Na3 d5 18.exd5 Nxd5 19.Nc4 Qc7 20.Qc1 Rfe8 21.Bh4 e5 22.Ne3 Nb6
23.Bb5 Bc6 24.Ng4 Re6 25.Bxc6 Qxc6 26.Qc2 c4 27.Qe4 Qc7 28.Ne3 f5 29.Qc2 e4
30.Nf1 Rae8 31.fxe4 Rxe4 32.Rxe4 fxe4 33.Re1 Qc6 34.Bf2 Nxa4 35.Ra1 Nc5 36.Rxa5 Nd3
37.Be3 Rb8 38.Ra2 h5 39.Nd2 Qd5 40.Qa4 Rxb2 41.Qe8+ Kh7 42.Rxb2 Nxb2 43.Qxe4 Qxe4
44.Nxe4 Kg8 45.Bc5 Be5 46.Bd6 Bxd6 47.Nxd6 Kf8 48.Kf2 Ke7 49.Nb5 Ke6 50.Ke3 Ke5
51.Nd4 Nd1+ 52.Kd2 Nf2 53.Nc6+ Kd6 54.Nd4 Ne4+ 55.Kc2 h4 56.Nf3 g5 57.Nd2 Kd5
58.Nf3 Ke6 59.Nd2 Nd6 60.Kd1 Ke5 61.Ke2 Kf4 62.Kf2 g4 63.g3+ hxg3+ 64.hxg3+ Ke5
65.Ke2 Kd5 66.Ke3 Ke5  1/2-1/2

[Event "BL2-W qual"]
[Site "Germany"]
[Date "1991.??.??"]
[Round "?"]
[White "Jacobs, Byron A"]
[Black "Schiffer, Kai Uwe"]
[Result "0-1"]
[WhiteElo "2340"]
[BlackElo "2320"]

1.e4 c5 2.Nc3 Nc6 3.Nge2 g6 4.d4 cxd4 5.Nxd4 Bg7 6.Nde2 Nf6 7.g3 O-O 8.Bg2 d6
9.O-O Rb8 10.a4 a6 11.Nd5 Nd7 12.c3 b5 13.axb5 axb5 14.Nd4 Nde5 15.Nc2 Bb7
16.Qe2 e6 17.Ndb4 Nxb4 18.Nxb4 Nc6 19.Nxc6 Bxc6 20.Rd1 Qc7 21.Bg5 b4 22.c4 b3
23.Be3 Ra8 24.Rxa8 Rxa8 25.h4 h5 26.Bd4 e5 27.Bc3 Ra4 28.Bf1 Bf8 29.Qe3 Qb7
30.Bd3 Kh7 31.Kh2 Bh6 32.Qe2 Qb6 33.Rf1 Bd7 34.f4 Bg4 35.Qf2 Qxf2+ 36.Rxf2 exf4
37.gxf4 Be6 38.f5 gxf5 39.e5 dxe5 40.Bxe5 Bg7 41.Bxg7 Kxg7 42.Kg3 Kf6 43.Be2 Ke5
44.Bxh5 Rxc4 45.Re2+ Kf6 46.Bf3 Rc2 47.Rg2 Bc4 48.Kf4 Bf1 49.Rg1 Bd3 50.Ke3 Be4
51.Bxe4 fxe4 52.Kxe4 Rxb2 53.Kd3 Rh2 54.Kc3 b2 55.h5 Rg2 56.Rh1 Kg7 57.Kb3 Rh2
58.Rg1+ Kh6 59.Rf1 Kxh5 60.Ka2 Kg6 61.Rg1+ Kf6 62.Rf1+ Ke7 63.Re1+ Kf8 64.Rd1 Rg2
65.Kb3 Kg7 66.Kc3 Kg6 67.Kd3 Kg5 68.Ke3 f5 69.Rf1 Rg3+ 70.Kf2 Rb3 71.Rg1+ Kf4
72.Rb1 Ke4  0-1

[Event "BL2-N9091"]
[Site "Germany"]
[Date "1991.??.??"]
[Round "?"]
[White "Andre, Wolfgang"]
[Black "Lehmann, Heinz Dr"]
[Result "1/2-1/2"]
[WhiteElo "2230"]
[BlackElo "2315"]

1.e4 c5 2.Nf3 Nc6 3.Nc3 g6 4.d4 cxd4 5.Nxd4 Bg7 6.Be3 Nf6 7.Bc4 Qa5 8.O-O O-O
9.Bb3 d6 10.h3 Bd7 11.Re1 Rae8 12.f4 a6 13.Nd5 Qd8 14.Nf3 Nxd5 15.exd5 Na5
16.Bd4 Qc7 17.Bxg7 Kxg7 18.Qd4+ Kg8 19.c3 Qc5 20.Rad1 Nxb3 21.axb3 Qxd4+
22.Rxd4 e6 23.dxe6 Bxe6 24.b4 d5 25.Kf2 f6 26.Rd2 Kf7 27.Red1 Kg7 28.Re1 Kf7
29.Red1 Kg7 30.Rd4 Bf7 31.b5 axb5 32.Rb4 Re7 33.Rxb5 Rfe8 34.Nd4 Kf8 35.Ra1 Rc7
36.Ra7 Ree7 37.Rb6 Kg7 38.f5 Rcd7 39.fxg6 hxg6 40.Ra8 Rc7 41.Rb8 Rcd7 42.Ra8 Rc7
43.Rd8 Rcd7 44.Rxd7 Rxd7 45.g3 Re7 46.Nb3 Rc7 47.Ke3 Re7+ 48.Kf2 Rc7 49.Nd4 Re7
50.h4 Rd7  1/2-1/2

[Event "Aandalucia-ch"]
[Site "Granada"]
[Date "1991.??.??"]
[Round "5"]
[White "Biedma, E."]
[Black "Lopez, E."]
[Result "1-0"]
[WhiteElo "2165"]
[BlackElo "1960"]

1.e4 c5 2.Nf3 Nc6 3.Nc3 d6 4.d4 cxd4 5.Nxd4 Nf6 6.Bc4 g6 7.Nxc6 bxc6 8.e5 Nd7
9.exd6 exd6 10.O-O Nc5 11.Qf3 Qc7 12.Qf6 Rg8 13.Nb5 cxb5 14.Bxb5+ Bd7 15.Re1+ Ne6
16.Rxe6+ fxe6 17.Qxe6+  1-0

[Event "Guernsey op"]
[Site "Guernsey"]
[Date "1991.??.??"]
[Round "1"]
[White "Wessels, C."]
[Black "Ward, Christopher"]
[Result "0-1"]
[WhiteElo "2000"]
[BlackElo "2435"]

1.e4 c5 2.Nc3 Nc6 3.Nf3 g6 4.h4 h5 5.d4 cxd4 6.Nxd4 Bg7 7.Nxc6 bxc6 8.Be2 d6
9.f4 Nf6 10.Qd3 Qb6 11.Be3 Qxb2 12.Rb1 Qa3 13.f5 Ba6 14.Qxa6 Qxc3+ 15.Bd2 Qg3+
16.Kd1 O-O 17.Bf3 d5 18.Qxc6 Rac8 19.Qa4 dxe4  0-1

[Event "Gyor-J"]
[Site "Gyor"]
[Date "1991.??.??"]
[Round "?"]
[White "Racz, Zoltan"]
[Black "Ruck, Robert"]
[Result "0-1"]
[WhiteElo "2245"]
[BlackElo "2320"]

1.e4 c5 2.Nc3 Nc6 3.Nge2 g6 4.g3 Bg7 5.Bg2 d6 6.d3 e6 7.Be3 Nd4 8.Qd2 Ne7
9.O-O O-O 10.Rae1 Rb8 11.f4 b5 12.g4 b4 13.Nd1 f5 14.gxf5 exf5 15.Ng3 Ba6
16.c3 bxc3 17.bxc3 Nb5 18.e5 Re8 19.a4 Nc7 20.c4 dxe5 21.fxe5 Ne6 22.Nc3 Bxe5
23.Bf2 Qd6 24.Qe2 Bxc3 25.Qxe6+ Qxe6 26.Rxe6 Rb6 27.Re2 Bb4 28.Re5 Rd6 29.Bxc5 Bxc5+
30.Rxc5 Rxd3 31.Re1 Kf8 32.Rc7 Nc8 33.Rxe8+ Kxe8 34.Bd5 Nb6 35.Rxa7 Bxc4
36.Bc6+ Kf8 37.a5 Nc8 38.Ra8 Be6 39.Ne2 Ke7 40.Nf4 Rd6 41.Bb7 Nb6 42.axb6 Rxb6
43.Bf3 Bf7 44.Nd3 Kf6 45.Ra7 g5 46.Kf2 h6 47.Rc7 h5 48.Rc5 Rd6 49.Nc1 g4
50.Be2 Kg5 51.Nd3 Be6 52.Rc7 h4 53.Ke3 Rd8 54.Nf4 Re8 55.Rg7+ Kf6 56.Rg6+ Kf7
57.Bb5 Bd7+ 58.Re6 Rxe6+ 59.Nxe6 Kxe6  0-1

[Event "Gyor-J"]
[Site "Gyor"]
[Date "1991.??.??"]
[Round "?"]
[White "Moldovan, Daniel"]
[Black "Racz, Zoltan"]
[Result "1-0"]
[WhiteElo "2425"]
[BlackElo "2265"]

1.e4 c5 2.Nc3 Nc6 3.Bb5 g6 4.Bxc6 bxc6 5.d3 Bg7 6.Be3 d6 7.Nge2 Nf6 8.h3 e5
9.O-O Qe7 10.Qd2 d5 11.Bh6 O-O 12.Bxg7 Kxg7 13.Ng3 Rb8 14.b3 Be6 15.Rae1 Nd7
16.f4 Qh4 17.Kh2 f5 18.exf5 gxf5 19.fxe5 Rb4 20.Nce2 Rg4 21.Rf4 Kh8 22.Kg1 Qh6
23.hxg4 Nxe5 24.Qc3 d4 25.Qxc5 Nxg4 26.Rxg4 fxg4 27.Qxd4+  1-0

[Event "Hastings Challengers9192"]
[Site "Hastings"]
[Date "1991.??.??"]
[Round "?"]
[White "Kosten, Anthony C"]
[Black "Sadler, Matthew"]
[Result "1-0"]
[WhiteElo "2535"]
[BlackElo "2480"]

1.e4 c5 2.Nc3 Nc6 3.Nf3 e5 4.Bc4 Be7 5.d3 d6 6.Nd2 Nf6 7.Nf1 Bg4 8.f3 Be6
9.Ne3 Nd4 10.O-O O-O 11.a4 Nd7 12.Ncd5 Bg5 13.c3 Nc6 14.g3 Bxe3+ 15.Bxe3 Kh8
16.Qd2 Nb6 17.Bg5 Nxc4 18.dxc4 f6 19.Be3 Bh3 20.Rf2 f5 21.exf5 Rxf5 22.g4 Rf7
23.Kh1 e4 24.Nf4 Qh4 25.Rg1 Rxf4 26.Bxf4 exf3 27.Rxf3 Bxg4 28.Rfg3 Bf5 29.Re1 Bg6
30.b3 Na5 31.Bg5 Qh5 32.Qxd6 Nxb3 33.Kg1 b6 34.Bd8 Kg8 35.Rf1 Bf7 36.Qf6  1-0

[Event "HUN-ch (Women)"]
[Site "HUN"]
[Date "1991.??.??"]
[Round "?"]
[White "Lakos, Nikoletta"]
[Black "Grabics, Monika"]
[Result "0-1"]
[WhiteElo "2090"]
[BlackElo "2110"]

1.e4 c5 2.Nc3 Nc6 3.Nge2 d6 4.d4 cxd4 5.Nxd4 Nf6 6.Bc4 e6 7.Be3 Be7 8.Qe2 O-O
9.O-O-O Bd7 10.f3 Rc8 11.Kb1 Ne5 12.Bb3 Qa5 13.g4 a6 14.g5 Ne8 15.f4 Nc6
16.Qf2 Qd8 17.Nxc6 Bxc6 18.Bb6 Qd7 19.Rhg1 f5 20.gxf6 Bxf6 21.e5 Bxe5 22.Rge1 Qe7
23.Qe3 Rxf4 24.Bxe6+ Qxe6 25.Qxf4 Bxf4 26.Rxe6 Bxh2 27.Bd4 h5 28.Re2 Bf4
29.Rf1 g5 30.Re6 h4 31.Rh6 Ng7 32.Rg6 Rc7 33.Re1 Kh7 34.Rxg7+ Rxg7 35.Bxg7 Kxg7
36.Ne2 Be5 37.c3 h3 38.Rg1 h2 39.Rxg5+ Kh6  0-1

[Event "HUN-chT"]
[Site "HUN"]
[Date "1991.??.??"]
[Round "?"]
[White "Kuklin, Alexander"]
[Black "Vanczak, Attila"]
[Result "1-0"]
[WhiteElo "2320"]
[BlackElo "2300"]

1.e4 c5 2.Nf3 Nc6 3.Nc3 e5 4.Bc4 Be7 5.Nd5 Nf6 6.d3 d6 7.c3 O-O 8.O-O Na5
9.Nxf6+ Bxf6 10.Bd5 Be6 11.Bxe6 fxe6 12.Qe2 Nc6 13.a3 d5 14.b4 d4 15.Bb2 b6
16.cxd4 cxd4 17.Rfc1 Rc8 18.Rc4 Rf7 19.Rac1 Rfc7 20.Qd1 Nb8 21.Qb3 Kf7 22.a4 Nd7
23.Ba3 h6 24.b5 Nc5 25.Bxc5 Rxc5 26.Rxc5 Rxc5 27.Rxc5 bxc5 28.g3 Qa5 29.Kg2 Ke7
30.Qc4 Qc3 31.h4 Kd6 32.Kf1 Qa1+ 33.Ke2 Qb2+ 34.Nd2 Bd8 35.Qb3 Qa1 36.Nc4+ Ke7
37.Nxe5 Bc7 38.Nc6+ Kd7 39.Qc4 Bb6 40.Ne5+ Kd6 41.Ng6 Ba5 42.Nf4 Qe1+ 43.Kf3 Qh1+
44.Kg4 h5+ 45.Nxh5 Qd1+ 46.f3  1-0

[Event "HUN-chT"]
[Site "HUN"]
[Date "1991.??.??"]
[Round "?"]
[White "Kuklin, Alexander"]
[Black "Mate, Laszlo"]
[Result "0-1"]
[WhiteElo "2320"]
[BlackElo "2245"]

1.e4 c5 2.Nf3 Nc6 3.Nc3 g6 4.d4 cxd4 5.Nxd4 Bg7 6.Be3 Nf6 7.Bc4 O-O 8.f3 Qb6
9.Bb3 Ng4 10.Nd5 Nxe3 11.Nxb6 Nxd1 12.Nxa8 Nxb2 13.c3 Nd3+ 14.Kd2 Nc5 15.Nc7 d6
16.Nd5 Bd7 17.Rad1 Re8 18.Ke3 Kf8 19.Kf2 Rc8 20.Rhe1 Ne5 21.Kg1 e6 22.Nf4 Ke7
23.Bc2 Bh6 24.Nh3 Nc4 25.Bb3 Ne3 26.Rd2 e5 27.Nc2 Nxb3 28.axb3 Rxc3 29.Nb4 Rxb3
30.Nd5+ Nxd5 31.Rxd5 Bc6 32.Rdd1 Be3+ 33.Kh1 a5 34.Re2 a4 35.Rde1 Bd4 36.Rd2  0-1

[Event "Katowice op"]
[Site "Katowice"]
[Date "1991.??.??"]
[Round "3"]
[White "Malisauskas, Vidmantas"]
[Black "Lisenko, Alexander V"]
[Result "1/2-1/2"]
[WhiteElo "2505"]
[BlackElo "2380"]

1.e4 c5 2.Nf3 Nc6 3.Nc3 d6 4.d4 cxd4 5.Nxd4 Nf6 6.Bg5 e6 7.Qd2 Be7 8.O-O-O Nxd4
9.Qxd4 O-O 10.Kb1 Nxe4 11.Nxe4 Bxg5 12.Nxg5 Qxg5 13.f4 Qa5 14.Qxd6 Bd7 15.Qd2 Qxd2
16.Rxd2 Bc6 17.Bd3 Rfd8 18.Rhd1 Kf8 19.Bf1 Rxd2 20.Rxd2 Ke7 21.b4 h6 22.Kb2 g5
23.Rd4 f5 24.g3 gxf4 25.Rxf4 Be4 26.Rh4 Rh8 27.Bd3 Bxd3 28.cxd3 Kf6 29.b5 b6
30.Kc3 Rc8+ 31.Kd2 Kg5 32.a4 e5 33.Rc4 Rd8 34.Ke2 Rd7 35.Ke3 Re7 36.Rc6 h5
37.Rc8 Rd7 38.h4+ Kg4 39.Rg8+ Kh3 40.Rf8 Kg4 41.Rg8+ Kh3 42.Rf8  1/2-1/2

[Event "Katowice op"]
[Site "Katowice"]
[Date "1991.??.??"]
[Round "3"]
[White "Zhelnin, Vladimir V"]
[Black "Panchenko, Alexander N"]
[Result "1/2-1/2"]
[WhiteElo "2365"]
[BlackElo "2445"]

1.e4 c5 2.Nc3 Nc6 3.Nge2 d6 4.d4 cxd4 5.Nxd4 Nf6 6.Bg5 e6 7.Qd2 a6 8.O-O-O h6
9.Bf4 Bd7 10.Nxc6 Bxc6 11.f3 d5 12.exd5 Nxd5 13.Nxd5 Qxd5 14.Qxd5 Bxd5 15.c4 Rc8
16.Kb1 Bc6 17.Bd3 Bc5 18.Rhe1 Ke7 19.Be5 Rhd8 20.Bc3 g5 21.Kc2 h5 22.Re5 Bd6
23.Rxg5 Rg8 24.h4 Bf4 25.Rxg8 Rxg8 26.Bf1 Bg3 27.Be1 Bxe1 28.Rxe1 f5 29.Kc3 Kf6
30.Rd1 Ke5 31.Re1+ Kf6 32.b4 Rd8 33.b5 axb5 34.cxb5 Bd5 35.a4 Rc8+ 36.Kb4 e5
37.Rd1 Ke6 38.a5 e4 39.fxe4 fxe4 40.b6 Rc2 41.a6 bxa6 42.Bxa6 Rxg2 43.Kc5 Rc2+
44.Kd4 e3 45.Kxe3 Rb2 46.Rg1 Kf7 47.Rf1+ Kg7 48.Rg1+ Kf7 49.Rf1+  1/2-1/2

[Event "Katowice op"]
[Site "Katowice"]
[Date "1991.??.??"]
[Round "6"]
[White "Kostyra, Stanislaw"]
[Black "Ikonnikov, Vyacheslav"]
[Result "0-1"]
[WhiteElo "2315"]
[BlackElo "2480"]

1.e4 c5 2.Nf3 Nc6 3.Nc3 e5 4.Bc4 d6 5.d3 Be7 6.Nd5 Nf6 7.c3 O-O 8.Be3 Nxd5
9.Bxd5 Bf6 10.Nd2 Ne7 11.Bb3 b6 12.h4 Ng6 13.Bd5 Rb8 14.g3 Ba6 15.Qf3 Ne7
16.Bb3 Nc6 17.g4 Be7 18.Bd5 Bb7 19.a3 b5 20.b4 Qc7 21.bxc5 dxc5 22.g5 Na5
23.c4 Bxd5 24.exd5 bxc4 25.dxc4 Nb3 26.Nxb3 Rxb3 27.Qe4 Bd6 28.h5 Qa5+ 29.Bd2 Qa6
30.a4 Qc8 31.Be3 Rb4 32.a5 Qa6 33.Rh4 Qc8 34.Rg4 Kh8 35.a6 Rb6 36.h6 g6 37.Ra5 f5
38.gxf6 Rxa6 39.Rb5 Rb6 40.Bg5 Rxb5 41.cxb5 Qd7 42.Qa4 Rf7 43.f3 Bf8 44.Qe4 Qxb5
45.Qxe5 c4 46.Qe6 Qb1+ 47.Kf2 Rb7 48.Rg2 Qb6+ 49.Be3 Qc7 50.Bd4 Qf7 51.Rh2 Kg8
52.Kg3 Rd7 53.Ra2 Rxd5 54.Qxf7+ Kxf7 55.Rxa7+ Ke6 56.Be3 Rd7 57.Ra6+ Kf5
58.Ra5+ Kxf6 59.Ra6+ Bd6+ 60.Bf4 Ke6 61.Kf2 Ke7 62.Bg5+ Ke6 63.Bf4 c3 64.Ke2 Ke7
65.Bg5+ Kf7 66.Rc6 Be5 67.Rc5 Ke6 68.Bh4 Rd2+ 69.Ke1 Rd5 70.Rc6+ Kd7 71.Rc4 Rd4
72.Rxd4+ Bxd4 73.Ke2 Ke6 74.Kd3 Kf5 75.Be7 Be5 76.Bf8 Kf4 77.Bg7 Bc7 78.Kxc3 Kxf3
79.Kd4 g5 80.Kd5 g4 81.Ke6 g3 82.Kf7 Bf4 83.Kg8 g2 84.Bd4 Bxh6 85.Bg1 Be3  0-1

[Event "Katowice op"]
[Site "Katowice"]
[Date "1991.??.??"]
[Round "7"]
[White "Kostyra, Stanislaw"]
[Black "Kiselev, Sergey"]
[Result "1/2-1/2"]
[WhiteElo "2315"]
[BlackElo "2475"]

1.e4 c5 2.Nf3 Nc6 3.Nc3 d6 4.d4 cxd4 5.Nxd4 Nf6 6.Bg5 e6 7.Qd2 a6 8.O-O-O h6
9.Bf4 Bd7 10.Nxc6 Bxc6 11.Qe1 Qc7 12.h4 Be7 13.e5 d5 14.Rh3 Nd7 15.Kb1 O-O-O  1/2-1/2

[Event "Katowice op"]
[Site "Katowice"]
[Date "1991.??.??"]
[Round "8"]
[White "Zhelnin, Vladimir V"]
[Black "Petrienko, Vladimir"]
[Result "1/2-1/2"]
[WhiteElo "2365"]
[BlackElo "2435"]

1.e4 c5 2.Nc3 Nc6 3.Nge2 Nf6 4.g3 d5 5.exd5 Nxd5 6.Bg2 Nxc3 7.Nxc3 Bd7 8.O-O e6
9.d3 Be7 10.Be3 O-O 11.Ne4 b6 12.c3 Rc8 13.Re1 e5 14.f4 Be6  1/2-1/2

[Event "URS-ch U26"]
[Site "Kherson"]
[Date "1991.??.??"]
[Round "?"]
[White "Galdunts, Sergey"]
[Black "Serper, Grigory"]
[Result "1-0"]
[WhiteElo "2470"]
[BlackElo "2490"]

1.e4 c5 2.Nc3 Nc6 3.Nge2 Nf6 4.d4 cxd4 5.Nxd4 d6 6.Bc4 Qb6 7.Nb3 e6 8.O-O Be7
9.Bg5 Ne5 10.Be2 O-O 11.Kh1 a6 12.f4 Ng6 13.f5 Ne5 14.Qd2 Qc7 15.Rad1 Kh8
16.Bxf6 gxf6 17.Nd4 Bd7 18.Bh5 Qc8 19.Nce2 Rg8 20.Nf4 Nc4 21.Qc1 Rg7 22.Bxf7 e5
23.Ng6+ hxg6 24.fxg6 Rxf7 25.Qh6+ Kg8 26.gxf7+ Kxf7 27.Qh7+ Kf8 28.Rxf6+ Bxf6
29.Rf1 Qd8 30.Qg6 exd4 31.Rxf6+ Qxf6 32.Qxf6+ Kg8 33.Qxd4 Ne5 34.Qxd6 Re8
35.Qd5+ Kf8 36.Qxb7 Bc8 37.Qc7 Nf7 38.h3 Be6 39.Qb6 Bc8 40.c4 Kg7 41.Qc6 Rd8
42.b4  1-0

[Event "JUG-ch"]
[Site "Kladovo"]
[Date "1991.??.??"]
[Round "1"]
[White "Gavric, Miladin"]
[Black "Kurajica, Bojan"]
[Result "0-1"]
[WhiteElo "2365"]
[BlackElo "2520"]

1.e4 c5 2.Nf3 Nc6 3.Nc3 e5 4.Bc4 d6 5.d3 h6 6.O-O Nf6 7.Nd5 Be7 8.c3 O-O
9.a4 Nxd5 10.Bxd5 Be6 11.Nd2 Bg5 12.Nc4 Bxc1 13.Rxc1 Bxd5 14.exd5 Ne7 15.Ne3 Qd7
16.d4 cxd4 17.cxd4 e4 18.f3 exf3 19.Qxf3 Rac8 20.b3 Rxc1 21.Rxc1 b5 22.axb5 Rb8
23.Qe2 Rxb5 24.Rc7 Qxc7 25.Qxb5 Qc1+ 26.Kf2 Qc8 27.g4 g6 28.h3 Kg7 29.Qc4 Qd8
30.Qa6 Qb8 31.Qc4 Ng8 32.b4 Nf6 33.b5 Ne4+ 34.Kg2 Qe8 35.Qc6 Qe7 36.Qc2 Nf6
37.Qd3 Qd7 38.Kg3 Ne8 39.Nd1 Nf6 40.Ne3 Qe8 41.Kf3 Nh7 42.Kg3 Ng5 43.Kg2 Kf8
44.Kg3 Qe4 45.Qxe4 Nxe4+ 46.Kf3 Nc3 47.b6 axb6 48.Nc4 b5 49.Nxd6 Ke7 50.Nb7 Nxd5
51.Ke4 b4 52.Na5 Ke6 53.Nb7 f5+ 54.gxf5+ gxf5+ 55.Kd3 Nf4+ 56.Kc4 Nxh3 57.Nc5+ Kd6
58.Kxb4 Nf2 59.Kc4 h5 60.Nb3 h4 61.Nd2 h3  0-1

[Event "JUG-ch"]
[Site "Kladovo"]
[Date "1991.??.??"]
[Round "3"]
[White "Kosanski, Stanko"]
[Black "Ivanovic, Bozidar"]
[Result "0-1"]
[WhiteElo "2385"]
[BlackElo "2535"]

1.e4 c5 2.Nf3 Nc6 3.Nc3 d6 4.d4 cxd4 5.Nxd4 Nf6 6.g3 g6 7.Bg2 Nxd4 8.Qxd4 Bg7
9.O-O O-O 10.Qb4 Rb8 11.a4 a5 12.Qb3 b6 13.Rd1 Be6 14.Nd5 Nd7 15.Bg5 Re8
16.c3 Ne5 17.Be3 Bg4 18.Rdb1 Be2 19.f4 Ng4 20.Bxb6 Qc8 21.Qc2 Qa6 22.Bd4 Bd3
23.Qd1 Bxb1 24.Rxb1 Qc8 25.h3 Nf6 26.Bxf6 Bxf6 27.Kh2 Bg7 28.Bf1 e6 29.Ne3 Qc5
30.Qe1 Bxc3 31.Qc1 Rxb2+ 32.Rxb2 Bxb2 33.Qxc5 dxc5 34.Bb5 Rd8 35.Nc4 Bc3
36.e5 Rd3 37.g4 Rf3 38.Kg2 Rxf4 39.Kg3 g5 40.Kg2 Kg7 41.Kg3 h5 42.gxh5 Kh6
43.Ne3 Kxh5 44.Nc4 Be1+ 45.Kg2 Kh4 46.Nd6 Bc3 47.Nc4 Bd4  0-1

[Event "JUG-ch"]
[Site "Kladovo"]
[Date "1991.??.??"]
[Round "6"]
[White "Mitkov, Nikola"]
[Black "Nikcevic, Nebojsa"]
[Result "0-1"]
[WhiteElo "2370"]
[BlackElo "2440"]

1.e4 c5 2.Nc3 Nc6 3.Nf3 Nf6 4.d4 cxd4 5.Nxd4 e5 6.Nb3 Bb4 7.Bc4 O-O 8.O-O Bxc3
9.bxc3 d6 10.Ba3 Ne8 11.f4 exf4 12.Rxf4 Ne5 13.Bd5 Nf6 14.Qd4 Nxd5 15.exd5 b6
16.Nd2 Ba6 17.Qa4 Bb7 18.Ne4 Bxd5 19.Rd1 Bxe4 20.Qxe4 Re8 21.Rff1 Qc8 22.Bxd6 Nc4
23.Qf4 Ne3 24.Qxf7+ Kh8 25.h3 Nxf1 26.Rxf1 Qe6 27.Qf4 h6 28.Kh1 Rad8 29.Bc7 Rd7
30.Bb8 Kh7 31.c4 Qe4 32.Qg3 Re6 33.Qc3 Rg6 34.Rf3 Rf7 35.Kh2 Rf5 36.Qd3 Qxd3
37.cxd3 Rxf3 38.gxf3 a6 39.f4 Rc6 40.Kg3 Kg6 41.Be5 Kf5 42.Kf3 g5 43.Bb8 b5
44.fxg5 hxg5 45.cxb5 axb5 46.Ke3 Rh6 47.Kd4 Rxh3 48.Bd6 g4 49.a3 Rf3 50.Bc5 g3
51.Kc3 g2 52.Kb4 Rxd3 53.Kxb5 Rd5  0-1